La Perla - Rosalía,Yahritza y su Esencia - Estadísticas

Estadísticas generales
  • Esta prueba ha sido intentada 133 veces
  • La puntuación promedio es 178 de 219
Estadísticas de respuestas
Letra % Correcto
a
97%
de
97%
la
97%
La
97%
se
96%
es
95%
Es
95%
perla
95%
un
95%
Un
95%
el
92%
El
92%
lo
92%
una
92%
me
91%
na
91%
que
91%
mucho
89%
no
89%
No
89%
te
89%
Te
89%
mi
88%
nadie
88%
fia
86%
local
86%
mas
86%
rey
86%
y
86%
Y
86%
13
85%
14
85%
decepcion
85%
del
85%
en
85%
ladron
85%
paz
85%
para
84%
sabe
84%
sensibilidad
84%
si
84%
Si
84%
al
82%
campeon
82%
Hola
82%
Campo
81%
cotizar
81%
cuidao
81%
medalla
81%
minas
81%
mundial
81%
mundo
81%
cabron
80%
desastre
80%
tambien
80%
terrorista
80%
encantador
78%
mayor
78%
nacional
78%
pena
78%
desilusion
77%
emocional
77%
espejismo
77%
monumento
77%
olimpica
77%
siempre
77%
Siempre
77%
tan
77%
tiene
77%
contigo
76%
das
76%
gran
76%
oro
76%
Playboy
76%
dinero
74%
estrella
74%
Rompecorazones
74%
casa
73%
centro
73%
Gasta
73%
haran
73%
Quien
73%
sirve
73%
su
73%
Su
73%
ajena
72%
autoinvita
72%
deshonestidad
72%
fue
72%
hablas
72%
mientes
72%
Por
72%
queda
72%
sinrazon
72%
terapia
72%
Tienes
72%
fin
70%
vas
70%
Dira
69%
Pero
69%
psicologo
69%
puede
68%
doppelganger
66%
tremendo
66%
podio
65%
le
64%
psiquiatra
64%
Red
64%
drena
62%
flag
62%
vive
62%
Nunca
61%
nunca
61%
andante
59%
dara
59%
demas
59%
coleccion
58%
despues
58%
ya
58%
ayuda
55%
bras
55%
fidelidad
55%
lealtad
55%
pides
55%
prestes
55%
entendera
54%
idioma
54%
masterpiece
54%
desaparecera
53%
devolvera
51%
perdida
51%
bala
49%
especialidad
47%
Ser
47%
No se encontraron pruebas coincidentes
Distribución de puntuación
Porcentaje de gente con cada puntuación
Porcentaje por número respondido
Historial de tus puntuaciones
No has intentado esta prueba.